<?xml version="1.0" encoding="UTF-8"?>
<record
    xmlns:xsi="http://www.w3.org/2001/XMLSchema-instance"
    xsi:schemaLocation="http://www.loc.gov/MARC21/slim http://www.loc.gov/standards/marcxml/schema/MARC21slim.xsd"
    xmlns="http://www.loc.gov/MARC21/slim">

  <leader>03033    a2200241   4500</leader>
  <controlfield tag="001">23696</controlfield>
  <controlfield tag="005">20260407155523.0</controlfield>
  <controlfield tag="008">260407a1993    arg                 spa d</controlfield>
  <controlfield tag="003">AR-UNSa-BCEJYS</controlfield>
  <datafield tag="040" ind1=" " ind2=" ">
    <subfield code="a">AR-UNSa-BCEJYS</subfield>
    <subfield code="b">spa</subfield>
    <subfield code="c">AR-UNSa-BCEJYS</subfield>
  </datafield>
  <datafield tag="080" ind1=" " ind2=" ">
    <subfield code="a">658</subfield>
    <subfield code="x">Administraci&#xF3;n de empresas. Organizaci&#xF3;n comercial</subfield>
  </datafield>
  <datafield tag="245" ind1="1" ind2="0">
    <subfield code="a">Administraci&#xF3;n y futuro</subfield>
    <subfield code="p">de los 90 en adelante</subfield>
  </datafield>
  <datafield tag="020" ind1=" " ind2=" ">
    <subfield code="a">950-07-0833-7</subfield>
  </datafield>
  <datafield tag="250" ind1=" " ind2=" ">
    <subfield code="a">2a. ed</subfield>
  </datafield>
  <datafield tag="264" ind1=" " ind2="1">
    <subfield code="a">Buenos Aires :</subfield>
    <subfield code="b">Sudamericana</subfield>
    <subfield code="c">1993</subfield>
  </datafield>
  <datafield tag="300" ind1=" " ind2=" ">
    <subfield code="a">279 p.</subfield>
    <subfield code="c">23 cm.</subfield>
  </datafield>
  <datafield tag="505" ind1=" " ind2=" ">
    <subfield code="a">1. El futuro ya nos rodea - 2. La pobreza de la teor&#xED;a econ&#xF3;mica - 3. La econom&#xED;a transnacional - 4. Del comercio mundial a la inversi&#xF3;n mundial - 5. Las lecciones del boom de exportaci&#xF3;n de los Estados Unidos - 6. Bajos salarios: ya no son un m&#xE1;rgen competitivo - 7. Europa en la d&#xE9;cada del 90: estrategias para sobrevivir - 8. El comercio entre Estados Unidos y Jap&#xF3;n necesita un chequeo de la realidad - 9. La gran arma japonesa de posguerra - 10. Estamos malinterpretando a Jap&#xF3;n y a los japoneses - 11. Ayudar a Latinoam&#xE9;rica y ayudarnos a nosotros mismos - 12. El as de reserva de M&#xE9;xico: la "maquiladora" - 13. El nuevo desaf&#xED;o de la productividad - 14. La m&#xED;stica del lider en negocios - 15. Liderazgo: hacer m&#xE1;s que ostentar - 16. La gente, el trabajo y el futuro de la ciudad - 17. La ca&#xED;da del obrero - 18. Basta de normas de trabajo y de descripci&#xF3;n de tareas - 19. Transformar a los bur&#xF3;cratas comunistas en administradores - 20. La pesadilla de China: no hay empleo para millones de personas - 21. Los administradores del ma&#xF1;ana: las principales tendencias - 22. C&#xF3;mo "manejar" al patr&#xF3;n - 23. Lo que realmente inquieta a la industria automotriz norteamericana - 24. Las nuevas estrategias empresarias de los japoneses - 25. Dirigir recorriendo dentro de la empresa...y fuera de ella! - 26. Cultura de la organizaci&#xF3;n: &#xFA;sela, no la pierda - 27. Pol&#xED;tica permanente: constante reducci&#xF3;n de costos - 28. Lo que las organizaciones sin fines de lucro les ense&#xF1;an a los negocios - 29. El gobierno de las organizaciones no comerciales: lecciones para el &#xE9;xito - 30. La avanzada revoluci&#xF3;n en las instituciones sin fines de lucro - 31. El gobierno de las corporaciones - 32. Cuatro lecciones de marketing para el futuro - 33. Las empresas del ma&#xF1;ana preparadas para el &#xE9;xito - 34. El rendimiento de la compa&#xF1;&#xED;a: cinco pruebas indicadoras - 35. Investigaci&#xF3;n y desarrollo: lo mejor es orientarlos al negocio - 36. Desligarse de taraeas internas de la compa&#xF1;&#xED;a en los a&#xF1;os 90 - 37. Las diez reglas de la investigaci&#xF3;n eficaz - 38. La tendencia a hacer alianzas para progresar - 39. Crisis del capitalismo: quien est&#xE1; a cargo - 40. La nueva teor&#xED;a de la fabricaci&#xF3;n
  </subfield>
  </datafield>
  <datafield tag="942" ind1=" " ind2=" ">
    <subfield code="c">BK</subfield>
  </datafield>
  <datafield tag="590" ind1=" " ind2=" ">
    <subfield code="a">niveau_biblio:m niveau_hierar:0</subfield>
  </datafield>
  <datafield tag="100" ind1="1" ind2=" ">
    <subfield code="a">Drucker, Peter Ferdinand</subfield>
  </datafield>
  <datafield tag="700" ind1="1" ind2=" ">
    <subfield code="a">Lerendegui, Silvia</subfield>
  </datafield>
  <datafield tag="856" ind1="4" ind2="1">
    <subfield code="u">https://biblioeco.unsa.edu.ar/pmb/images/libros/Administraci?n y futuro  Drucker, Peter Ferdinand (1993).jpg</subfield>
    <subfield code="y">Imagen de portada</subfield>
    <subfield code="q">image/jpeg</subfield>
  </datafield>
  <datafield tag="999" ind1=" " ind2=" ">
    <subfield code="c">1121</subfield>
    <subfield code="d">1121</subfield>
  </datafield>
  <datafield tag="952" ind1=" " ind2=" ">
    <subfield code="0">0</subfield>
    <subfield code="1">0</subfield>
    <subfield code="4">0</subfield>
    <subfield code="7">0</subfield>
    <subfield code="a">BCEJYS</subfield>
    <subfield code="b">BCEJYS</subfield>
    <subfield code="c">16</subfield>
    <subfield code="d">2026-04-07</subfield>
    <subfield code="l">0</subfield>
    <subfield code="o">658 D794a 2ed.</subfield>
    <subfield code="p">L65270</subfield>
    <subfield code="r">2026-04-07 15:55:23</subfield>
    <subfield code="w">2026-04-07</subfield>
    <subfield code="y">L</subfield>
  </datafield>
  <datafield tag="952" ind1=" " ind2=" ">
    <subfield code="0">0</subfield>
    <subfield code="1">0</subfield>
    <subfield code="4">0</subfield>
    <subfield code="7">0</subfield>
    <subfield code="a">BCEJYS</subfield>
    <subfield code="b">BCEJYS</subfield>
    <subfield code="c">16</subfield>
    <subfield code="d">2026-04-07</subfield>
    <subfield code="l">0</subfield>
    <subfield code="o">658 D794a 2ed.</subfield>
    <subfield code="p">L65271</subfield>
    <subfield code="r">2026-04-07 15:55:23</subfield>
    <subfield code="w">2026-04-07</subfield>
    <subfield code="y">L</subfield>
  </datafield>
</record>
